| 000 | 00440 a2200157 4500 | ||
|---|---|---|---|
| 005 | 20250506141256.0 | ||
| 020 | _a0-13-317745-9 | ||
| 082 | _a658.15 VAN | ||
| 100 | _aVAN, ,J. C. | ||
| 245 | _aFundamentals of Financial Management. | ||
| 250 | _a9th Ed. | ||
| 260 |
_aNew Jersey, _bPrentice Hall International, Inc, _c1995. |
||
| 300 |
_axvi, 763p.: Ill.; figures & table _bIndex _c25cm. |
||
| 700 | _aWACHOWICZ, J .M. | ||
| 942 |
_2ddc _cBKS |
||
| 999 |
_c2042 _d2042 |
||